<?xml version="1.0" encoding="UTF-8"?>
<record
    xmlns:xsi="http://www.w3.org/2001/XMLSchema-instance"
    xsi:schemaLocation="http://www.loc.gov/MARC21/slim http://www.loc.gov/standards/marcxml/schema/MARC21slim.xsd"
    xmlns="http://www.loc.gov/MARC21/slim">

  <leader>00464nam a2200181Ia 4500</leader>
  <controlfield tag="005">20221122105422.0</controlfield>
  <controlfield tag="008">220726s9999    xx            000 0 und d</controlfield>
  <datafield tag="020" ind1=" " ind2=" ">
    <subfield code="a">9781848109407</subfield>
    <subfield code="q">Paperback</subfield>
  </datafield>
  <datafield tag="040" ind1=" " ind2=" ">
    <subfield code="c">3228</subfield>
  </datafield>
  <datafield tag="082" ind1=" " ind2=" ">
    <subfield code="a">EJF PARK</subfield>
  </datafield>
  <datafield tag="100" ind1=" " ind2=" ">
    <subfield code="a">PARKER, VIC</subfield>
    <subfield code="9">314</subfield>
  </datafield>
  <datafield tag="245" ind1=" " ind2="4">
    <subfield code="a">The mice and the weasels/</subfield>
  </datafield>
  <datafield tag="260" ind1=" " ind2=" ">
    <subfield code="a">Thaxted, Essex,</subfield>
    <subfield code="b">Miles kelly publishing</subfield>
    <subfield code="c">2013</subfield>
  </datafield>
  <datafield tag="300" ind1=" " ind2=" ">
    <subfield code="a">40 pages</subfield>
    <subfield code="c">28 cm</subfield>
  </datafield>
  <datafield tag="521" ind1=" " ind2=" ">
    <subfield code="a">Junior</subfield>
  </datafield>
  <datafield tag="942" ind1=" " ind2=" ">
    <subfield code="z">Elsie Maluleke</subfield>
    <subfield code="y">162</subfield>
  </datafield>
  <datafield tag="942" ind1=" " ind2=" ">
    <subfield code="c">BK</subfield>
    <subfield code="2">ddc</subfield>
  </datafield>
  <datafield tag="999" ind1=" " ind2=" ">
    <subfield code="c">678344</subfield>
    <subfield code="d">678343</subfield>
  </datafield>
  <datafield tag="952" ind1=" " ind2=" ">
    <subfield code="0">0</subfield>
    <subfield code="1">0</subfield>
    <subfield code="4">0</subfield>
    <subfield code="7">0</subfield>
    <subfield code="a">EASTL</subfield>
    <subfield code="b">EASTL</subfield>
    <subfield code="d">2022-06-23</subfield>
    <subfield code="g">35.00</subfield>
    <subfield code="l">0</subfield>
    <subfield code="p">33089000204655</subfield>
    <subfield code="r">2022-06-23</subfield>
    <subfield code="w">2022-06-23</subfield>
    <subfield code="y">BK</subfield>
    <subfield code="z">849/14,</subfield>
  </datafield>
  <datafield tag="952" ind1=" " ind2=" ">
    <subfield code="0">0</subfield>
    <subfield code="1">0</subfield>
    <subfield code="4">0</subfield>
    <subfield code="7">0</subfield>
    <subfield code="a">LEBOL</subfield>
    <subfield code="b">LEBOL</subfield>
    <subfield code="d">2022-07-26</subfield>
    <subfield code="l">0</subfield>
    <subfield code="o">K 398.2452 PARK</subfield>
    <subfield code="p">49444</subfield>
    <subfield code="r">2022-07-26</subfield>
    <subfield code="w">2022-07-26</subfield>
    <subfield code="y">BK</subfield>
  </datafield>
  <datafield tag="952" ind1=" " ind2=" ">
    <subfield code="0">0</subfield>
    <subfield code="1">0</subfield>
    <subfield code="2">ddc</subfield>
    <subfield code="4">0</subfield>
    <subfield code="7">0</subfield>
    <subfield code="8">300</subfield>
    <subfield code="a">KWAML</subfield>
    <subfield code="b">KWAPL</subfield>
    <subfield code="c">CHILD</subfield>
    <subfield code="d">2022-11-01</subfield>
    <subfield code="l">0</subfield>
    <subfield code="o">EKF PARK</subfield>
    <subfield code="p">33228031059789</subfield>
    <subfield code="r">2022-11-01</subfield>
    <subfield code="w">2022-11-01</subfield>
    <subfield code="y">BK</subfield>
  </datafield>
  <datafield tag="952" ind1=" " ind2=" ">
    <subfield code="0">0</subfield>
    <subfield code="1">0</subfield>
    <subfield code="2">ddc</subfield>
    <subfield code="4">0</subfield>
    <subfield code="7">0</subfield>
    <subfield code="a">LYDEL</subfield>
    <subfield code="b">SABIL</subfield>
    <subfield code="d">2022-11-22</subfield>
    <subfield code="o">EJF PARK</subfield>
    <subfield code="p">33228031026942</subfield>
    <subfield code="r">2022-11-22</subfield>
    <subfield code="w">2022-11-22</subfield>
    <subfield code="y">BK</subfield>
  </datafield>
  <datafield tag="952" ind1=" " ind2=" ">
    <subfield code="0">0</subfield>
    <subfield code="1">0</subfield>
    <subfield code="2">ddc</subfield>
    <subfield code="4">0</subfield>
    <subfield code="7">0</subfield>
    <subfield code="a">LYDEL</subfield>
    <subfield code="b">SABIL</subfield>
    <subfield code="d">2023-04-12</subfield>
    <subfield code="l">0</subfield>
    <subfield code="o">EJF PARK</subfield>
    <subfield code="p">LYDEL23040097</subfield>
    <subfield code="r">2023-04-12</subfield>
    <subfield code="w">2023-04-12</subfield>
    <subfield code="y">BK</subfield>
  </datafield>
  <datafield tag="952" ind1=" " ind2=" ">
    <subfield code="0">0</subfield>
    <subfield code="1">0</subfield>
    <subfield code="2">ddc</subfield>
    <subfield code="4">0</subfield>
    <subfield code="7">0</subfield>
    <subfield code="8">F</subfield>
    <subfield code="a">MKHWL</subfield>
    <subfield code="b">MKHWL</subfield>
    <subfield code="c">CHILD</subfield>
    <subfield code="d">2024-11-20</subfield>
    <subfield code="l">0</subfield>
    <subfield code="o">EJF PARK</subfield>
    <subfield code="p">33228031141590</subfield>
    <subfield code="r">2024-11-20</subfield>
    <subfield code="w">2024-11-20</subfield>
    <subfield code="y">BK</subfield>
  </datafield>
</record>
